Polskie postacie historyczne według opisu z Wikipedii #1 - Statystyki

Ogólne statystyki
  • Ten quiz został rozwiązany 1 580 razy
  • Średni wynik to 7 z 15
Statystyki odpowiedzi
Opis Odpowiedź % Poprawnych
"Do jej dokonań należą: rozwinięcie teorii promieniotwórczości, (...) oraz odkrycie dwóch nowych pierwiastków – radu i polonu" Maria Skłodowska-Curie
98%
"Polski polityk komunistyczny (...) Prezes Rady Ministrów (1981–1985), (...) oraz pierwszy prezydent III Rzeczypospolitej Polskiej (1989–1990) Wojciech Jaruzelski
88%
"Następnie powstała jego epicka panorama ówczesnej Warszawy z lat 1878–1879 – powieść Lalka" Bolesław Prus
81%
"Największy triumf odniósł w bitwie pod Wiedniem w 1683 r. (...) Uważany jest za jednego z najwybitniejszych polskich monarchów i wodzów" Jan III Sobieski
77%
"Wspierał chrystianizację Polski oraz wyprawy misyjne Wojciecha Sławnikowica, biskupa praskiego i Brunona z Kwerfurtu. Męczeńska śmierć tego pierwszego (997) i jego rychła kanonizacja stały się powodem zorganizowania zjazdu gnieźnieńskiego (1000)" Bolesław I Chrobry
60%
"Żona Zygmunta Starego, matka Zygmunta Augusta i Anny Jagiellonki." Bona Sforza
55%
"Był synem Władysława I Hermana (...) oraz ojcem książąt: Władysława II Wygnańca, Bolesława IV Kędzierzawego, Mieszka III Starego, Henryka Sandomierskiego i Kazimierza II Sprawiedliwego" Bolesław III Krzywousty
50%
"polski generał, dyktator powstania styczniowego, wcześniej naczelnik wojenny powiatu kobryńskiego." Romuald Traugutt
43%
"W momencie [jego] wstąpienia (...) na tron toczyła się wojna polsko-krzyżacka, którą zakończył w 1435 pokój w Brześciu Kujawskim" Władysław III Warneńczyk
38%
"Przeszedł do historii mistrzostw świata jako strzelec (...) czterech bramek (...) w meczu Brazylia – Polska (6:5)" Ernest Wilimowski
29%
"Blisko związany z obozem sanacyjnym Józefa Piłsudskiego (...) Po agresji ZSRR na Polskę 17 września 1939 przekroczył wraz z rządem RP granicę polsko-rumuńską (...) W grudniu 1939 władze rumuńskie zezwoliły na jego wyjazd do Szwajcarii, gdzie mieszkał do śmierci." Ignacy Mościcki
27%
"Polski działacz oświeceniowy, pionier spółdzielczości, pisarz polityczny i publicysta, filozof i tłumacz, wolnomularz, (...) ksiądz katolicki (...) Członek Izby Edukacyjnej Księstwa Warszawskiego w 1808 roku (...) minister stanu Królestwa Polskiego od 1824 roku." Stanisław Wawrzyniec Staszic
16%
"W 1563 r. został wybrany rektorem akademii padewskiej. Tam też napisał po łacinie swe dzieło „De senatu Romano libri duo” (...) W latach 1600–1601 brał udział w wojnie przeciwko najazdowi szwedzkiemu, dowodząc siłami polskimi w bitwach o Inflanty" Jan Sariusz Zamoyski
11%
"Królowa Polski od 1417 r. jako trzecia żona Władysława Jagiełły" Elżbieta Granowska
8%
"W czasie II wojny światowej jeden z organizatorów pomocy polskim uchodźcom (w tym Żydom), którzy znaleźli się na Węgrzech (...) Pośmiertnie odznaczony Orderem Orła Białego" Henryk Sławik
5%
Nie znaleziono quizów pasujących do podanych kryteriów
Rozkład punktacji
Procent ludzi z każdym wynikiem
Percentyl według liczby udzielonych odpowiedzi
Twoja historia wyników
Nie rozwiązałeś tego quizu